[Event "25th European Teams Women"]
[Site "Batumi GEO"]
[Date "2025.10.13"]
[Round "8.2"]
[Board "1"]
[White "Osmak, Yuliia"]
[Black "Dzagnidze, Nana"]
[Result "1-0"]
[WhiteTitle "IM"]
[BlackTitle "GM"]
[WhiteElo "2464"]
[BlackElo "2496"]
[WhiteTeam "Ukraine"]
[BlackTeam "Georgia 1"]
[WhiteFideId "14101602"]
[BlackFideId "13601903"]
[EventDate "2025.10.05"]

1. e4 c5 2. Nf3 d6 3. d4 cxd4 4. Nxd4 Nf6 5. f3 e5 6. Nb3 Be6 7. c4 a5 8. Be3
Be7 9. Nc3 a4 10. Nd2 Qa5 11. Be2 O-O 12. O-O Bd8 13. Kh1 Nbd7 14. Ndb1 Bb6 15.
Bd2 Bd4 16. Na3 Qc5 17. Nxa4 Qc6 18. Nc3 Nb6 19. Nd5 Bxd5 20. cxd5 Qa4 21. Rb1
Rfc8 22. Nb5 Qxd1 23. Rfxd1 Rxa2 24. Nxd6 Rc2 25. Nxb7 Nfd7 26. Bd3 Rcxb2 27.
Rxb2 Rxb2 28. Na5 Nc5 29. Bf1 Nb3 30. Nxb3 Rxb3 31. h4 h5 32. Kh2 Rb2 33. Be1
Kf8 34. Rc1 Ke7 35. Ba6 Nd7 36. Rc7 Bb6 37. Rc8 Rb1 38. Bc3 Bg1+ 39. Kg3 Be3 40.
Rc7 Kd6 41. Rc6+ Ke7 42. d6+ Kf6 43. Bc8 Rf1 44. Kh2 g5 45. Bxd7 gxh4 46. Bf5
Bf4+ 47. g3 hxg3+ 48. Kg2 Rf2+ 49. Kg1 Ra2 50. d7+ Kg7 51. Bh3 Be3+ 52. Kf1 1-0

[Event "25th European Teams Women"]
[Site "Batumi GEO"]
[Date "2025.10.13"]
[Round "8.2"]
[Board "2"]
[White "Batsiashvili, Nino"]
[Black "Ushenina, Anna"]
[Result "1/2-1/2"]
[WhiteTitle "GM"]
[BlackTitle "GM"]
[WhiteElo "2469"]
[BlackElo "2407"]
[WhiteTeam "Georgia 1"]
[BlackTeam "Ukraine"]
[WhiteFideId "13602993"]
[BlackFideId "14110911"]
[EventDate "2025.10.05"]

1. d4 d5 2. Nf3 Nf6 3. Bf4 c5 4. e3 Nc6 5. Nbd2 e6 6. c3 Nh5 7. Bg5 f6 8. Bh4 g6
9. Be2 cxd4 10. cxd4 Ng7 11. Bg3 Nh5 12. Rc1 Be7 13. a3 O-O 14. O-O Nxg3 15.
hxg3 Qb6 16. Nb3 Rd8 17. Qc2 e5 18. dxe5 fxe5 19. e4 dxe4 20. Qxe4 Bf5 21. Qc4+
Kg7 22. g4 Bxg4 23. Qxg4 Qxb3 24. Bc4 Qb6 25. Rc3 Rf8 26. Bd5 Rf4 27. Qe6 Rf6
28. Qh3 Rd6 29. Bxc6 bxc6 30. Nxe5 Qb5 31. Nc4 Rf6 32. Ne3 Rf7 33. Ng4 h5 34.
Ne3 Bf6 35. Rb3 Qc5 36. Rd1 Raf8 37. Rb4 Bg5 38. Rd7 a5 39. Rc4 Qb5 40. Rc2 Bxe3
41. Rxf7+ Rxf7 42. Qxe3 Rd7 43. Qc3+ Kh7 44. Qf6 Rd1+ 45. Kh2 Qb8+ 46. g3 Qd6
47. Qxd6 Rxd6 48. Kg2 Rd3 49. Rxc6 Rb3 50. Rc2 g5 51. Kh3 a4 52. Kg2 Kg6 53. Kf1
Kf5 54. Rc5+ Kg6 55. Rc4 Rxb2 56. Rxa4 Ra2 57. Ra6+ Kf5 58. a4 Kg4 59. a5 h4 60.
gxh4 gxh4 61. Ra8 Ra1+ 62. Kg2 h3+ 63. Kh2 Ra2 64. Kg1 Ra1+ 65. Kh2 Ra2 66. Rg8+
Kf5 67. Kxh3 Rxa5 68. Kg3 Ra3+ 69. f3 Ra4 70. Rf8+ Kg5 71. f4+ Kg6 72. Kg4 Ra5
73. f5+ Kg7 74. Rb8 Ra1 75. Rb7+ Kf6 76. Rb6+ Kf7 77. Rb4 Kf6 78. Rb6+ Kf7 79.
Rb4 Kf6 80. Rb6+ 1/2-1/2

[Event "25th European Teams Women"]
[Site "Batumi GEO"]
[Date "2025.10.13"]
[Round "8.2"]
[Board "3"]
[White "Gaponenko, Inna"]
[Black "Javakhishvili, Lela"]
[Result "1/2-1/2"]
[WhiteTitle "IM"]
[BlackTitle "IM"]
[WhiteElo "2340"]
[BlackElo "2423"]
[WhiteTeam "Ukraine"]
[BlackTeam "Georgia 1"]
[WhiteFideId "14101181"]
[BlackFideId "13601458"]
[EventDate "2025.10.05"]

1. e4 e5 2. Nf3 Nc6 3. Bb5 Nf6 4. O-O Nxe4 5. d4 Nd6 6. Bxc6 dxc6 7. dxe5 Nf5 8.
Qxd8+ Kxd8 9. Nc3 Ke8 10. h3 h5 11. Bf4 Bb4 12. Ne2 Be6 13. Ned4 Nxd4 14. Nxd4
Bd5 15. a3 Be7 16. Rfe1 g5 17. Bg3 h4 18. Bh2 Bc5 19. Rad1 Rg8 20. f3 Rd8 21.
Kh1 g4 22. hxg4 h3 23. c3 hxg2+ 24. Kxg2 Rxg4+ 25. Kf2 Bxd4+ 26. Rxd4 Rxd4 27.
cxd4 Kd7 28. Bf4 Rh8 29. Rg1 Rh3 30. Rg3 Rh2+ 31. Rg2 Rh3 32. Rg3 Rh2+ 33. Rg2 1/2-1/2

[Event "25th European Teams Women"]
[Site "Batumi GEO"]
[Date "2025.10.13"]
[Round "8.2"]
[Board "4"]
[White "Khotenashvili, Bella"]
[Black "Zhukova, Natalia"]
[Result "1/2-1/2"]
[WhiteTitle "GM"]
[BlackTitle "GM"]
[WhiteElo "2416"]
[BlackElo "2305"]
[WhiteTeam "Georgia 1"]
[BlackTeam "Ukraine"]
[WhiteFideId "13602640"]
[BlackFideId "14101513"]
[EventDate "2025.10.05"]

1. d4 d5 2. Nf3 Nf6 3. Bf4 c5 4. e3 Nc6 5. Nbd2 Bg4 6. c3 e6 7. Qb3 Qc8 8. Ne5
Nxe5 9. Bxe5 c4 10. Qc2 Be7 11. a4 Bf5 12. Qd1 O-O 13. b3 cxb3 14. Qxb3 Ne4 15.
Nxe4 Bxe4 16. f3 Bg6 17. c4 dxc4 18. Bxc4 Rd8 19. O-O Bd6 20. Bxd6 Rxd6 21. Bb5
Qd8 22. Rfc1 Rc8 23. Rxc8 Qxc8 24. Qa3 Qd8 25. Rc1 h6 26. Rc5 Rd5 27. Bc4 Rxc5
28. Qxc5 b6 29. Qb4 Bc2 30. Bb5 Qc7 31. e4 Qf4 32. Qc3 Qc1+ 33. Kf2 Qd1 34. Be2
Qb1 35. d5 exd5 36. Qc8+ Kh7 37. Qf5+ Kg8 38. Qxd5 Bxa4 39. Qa8+ Kh7 40. Qxa7
Qb3 41. h4 g6 42. Qc7 b5 43. h5 gxh5 44. Qc5 h4 45. Qf5+ Kg7 46. Qg4+ Kh7 47.
Qf5+ Kg7 48. Qg4+ Kh7 49. Qf5+ 1/2-1/2

[Event "25th European Teams Women"]
[Site "Batumi GEO"]
[Date "2025.10.13"]
[Round "8.3"]
[Board "1"]
[White "Wagner, Dinara"]
[Black "Tsolakidou, Stavroula"]
[Result "0-1"]
[WhiteTitle "IM"]
[BlackTitle "IM"]
[WhiteElo "2410"]
[BlackElo "2453"]
[WhiteTeam "Germany"]
[BlackTeam "Greece"]
[WhiteFideId "24157570"]
[BlackFideId "4264312"]
[EventDate "2025.10.05"]

1. d4 Nf6 2. c4 g6 3. Nc3 Bg7 4. e4 d6 5. Bd3 O-O 6. Nge2 c5 7. d5 e6 8. Bg5 h6
9. Bh4 exd5 10. exd5 Nbd7 11. f4 g5 12. fxg5 Ng4 13. Qd2 Nde5 14. Ne4 Qe7 15.
O-O Nxc4 16. Qf4 Nxb2 17. Bc2 Be5 18. Qf3 hxg5 19. Bxg5 f6 20. Bf4 f5 21. N4g3
Bxf4 22. Nxf4 Qe3+ 23. Kh1 Qxf3 24. Rxf3 Ne5 25. Rb3 Nbc4 26. Ne6 Bxe6 27. dxe6
f4 28. Nf5 b6 29. Rh3 Rae8 30. Nh6+ Kg7 31. Nf5+ Rxf5 32. Bxf5 Ne3 33. g4 d5 34.
Rh7+ Kf6 35. Rh6+ Kg5 36. Rh5+ Kf6 37. Rh6+ Ke7 38. Rh7+ Kd6 39. Rxa7 f3 40. Kg1
Rg8 41. Bh7 Rxg4+ 42. Kf2 d4 43. Rg1 Kxe6 44. Rb7 Rxg1 45. Kxg1 N5g4 46. Rxb6+
Ke5 47. Bd3 c4 48. Rb5+ Kf4 49. Bxc4 f2+ 50. Kh1 Nxc4 51. Rb1 Nd2 0-1

[Event "25th European Teams Women"]
[Site "Batumi GEO"]
[Date "2025.10.13"]
[Round "8.3"]
[Board "2"]
[White "Avramidou, Anastasia"]
[Black "Klek, Hanna Marie"]
[Result "0-1"]
[WhiteTitle "FM"]
[BlackTitle "WGM"]
[WhiteElo "2316"]
[BlackElo "2328"]
[WhiteTeam "Greece"]
[BlackTeam "Germany"]
[WhiteFideId "4239873"]
[BlackFideId "24670057"]
[EventDate "2025.10.05"]

1. d4 d5 2. c4 e6 3. Nf3 Nf6 4. g3 Bb4+ 5. Bd2 a5 6. Bg2 O-O 7. Qc1 c6 8. O-O
Be7 9. Bf4 Nbd7 10. Rd1 Nh5 11. Bd2 Nhf6 12. Bg5 h6 13. Bxf6 Bxf6 14. Nbd2 b6
15. e4 Bb7 16. Qc2 Qb8 17. cxd5 cxd5 18. e5 Be7 19. Qa4 Qe8 20. Kh1 Nb8 21. Qb3
Bd8 22. a3 Ba6 23. Rac1 Nc6 24. Qe3 a4 25. h4 Ra7 26. g4 Ne7 27. Rg1 Qb5 28. Bf1
Qd7 29. Bxa6 Rxa6 30. Nf1 Ra7 31. Ng3 Rc7 32. g5 hxg5 33. Nxg5 Rxc1 34. Qxc1 g6
35. Qf4 Qb5 36. h5 Qd3 37. Qg4 Nf5 38. hxg6 Bxg5 39. Nxf5 exf5 40. Qxg5 Qh3# 0-1

[Event "25th European Teams Women"]
[Site "Batumi GEO"]
[Date "2025.10.13"]
[Round "8.3"]
[Board "3"]
[White "Safarli, Josefine"]
[Black "Pavlidou, Ekaterini"]
[Result "1-0"]
[WhiteTitle "WGM"]
[BlackTitle "WIM"]
[WhiteElo "2276"]
[BlackElo "2217"]
[WhiteTeam "Germany"]
[BlackTeam "Greece"]
[WhiteFideId "12900460"]
[BlackFideId "4213262"]
[EventDate "2025.10.05"]

1. e4 c5 2. Nf3 Nc6 3. Bb5 e6 4. O-O Nge7 5. Re1 Nd4 6. Nxd4 cxd4 7. c3 a6 8.
Bf1 Nc6 9. b4 Bd6 10. Bb2 dxc3 11. dxc3 Qc7 12. h3 O-O 13. Nd2 Bh2+ 14. Kh1 Bf4
15. a4 Rd8 16. Nf3 d5 17. exd5 exd5 18. Bc1 Bf5 19. Nd4 Be4 20. Bxf4 Qxf4 21.
Nxc6 bxc6 22. Qd4 Qh6 23. f3 Bf5 24. a5 Qg6 25. Re3 h5 26. Rae1 Rd6 27. Qf4 Kh7
28. Re5 Re6 29. Kh2 Kg8 30. h4 Rxe5 31. Rxe5 Bd3 32. Rg5 Bxf1 33. Rxg6 fxg6 34.
Qd6 Kh7 35. Qxc6 Rd8 36. g4 Bb5 37. Qc5 Rd7 38. Kg3 Bc4 39. Qe3 Rf7 40. Qe8 Rf6
41. gxh5 gxh5 42. Qxh5+ Rh6 43. Qf5+ Kh8 44. h5 Rf6 45. Qe5 Kh7 46. f4 Kh8 47.
Kf2 Kh7 48. Kg3 Rh6 49. Kg4 Bb3 50. b5 d4 51. b6 Bd1+ 52. Kg3 Rxh5 53. Qxh5+
Bxh5 54. cxd4 1-0

[Event "25th European Teams Women"]
[Site "Batumi GEO"]
[Date "2025.10.13"]
[Round "8.3"]
[Board "4"]
[White "Grapsa, Georgia"]
[Black "Schulze, Lara"]
[Result "0-1"]
[WhiteTitle "WFM"]
[BlackTitle "FM"]
[WhiteElo "2086"]
[BlackElo "2319"]
[WhiteTeam "Greece"]
[BlackTeam "Germany"]
[WhiteFideId "4206436"]
[BlackFideId "12956830"]
[EventDate "2025.10.05"]

1. d4 Nf6 2. c4 e6 3. g3 d5 4. Nf3 Bb4+ 5. Bd2 a5 6. Bg2 O-O 7. Qc1 Be7 8. O-O
c6 9. Bf4 Nbd7 10. Rd1 a4 11. Ne5 Ne4 12. Nd2 Nxd2 13. Qxd2 Nxe5 14. dxe5 dxc4
15. Qc2 Qb6 16. Qxc4 Bc5 17. e3 Ra5 18. Rac1 Be7 19. h4 Qxb2 20. Rb1 Qa3 21. Be4
Rc5 22. Qe2 b5 23. Qg4 Kh8 24. h5 h6 25. Qf3 Qxa2 26. Bxc6 a3 27. Be4 Rc3 28. g4
Qc4 29. Kg2 a2 30. Ra1 b4 31. Rd4 Qxd4 32. exd4 Rxf3 33. Kxf3 b3 34. Bc1 f6 35.
Ke2 fxe5 36. dxe5 Bc5 37. Be3 Ba6+ 38. Ke1 Bxe3 0-1

[Event "25th European Teams Women"]
[Site "Batumi GEO"]
[Date "2025.10.13"]
[Round "8.4"]
[Board "1"]
[White "Mkrtchian, Lilit"]
[Black "Atalik, Ekaterina"]
[Result "1/2-1/2"]
[WhiteTitle "IM"]
[BlackTitle "IM"]
[WhiteElo "2377"]
[BlackElo "2357"]
[WhiteTeam "Armenia"]
[BlackTeam "Turkiye"]
[WhiteFideId "13300601"]
[BlackFideId "4130189"]
[EventDate "2025.10.05"]

1. c4 Nf6 2. Nf3 e6 3. b3 d5 4. Bb2 c5 5. cxd5 exd5 6. g3 d4 7. Bg2 Nc6 8. O-O
Be7 9. Na3 O-O 10. Nc4 Be6 11. e3 Rc8 12. exd4 cxd4 13. Re1 Re8 14. Nce5 Nxe5
15. Nxe5 Qb6 16. Rc1 Rxc1 17. Qxc1 Rd8 18. Qa1 Bb4 19. Nf3 Bc5 20. d3 a5 21. Ng5
Bf5 22. Ne4 Nxe4 23. Bxe4 Bxe4 24. Rxe4 Qb5 25. Bxd4 Qxd3 26. Qe1 Bb4 27. Re8+
Rxe8 28. Qxe8+ Bf8 29. Bb6 Qd1+ 30. Kg2 Qd5+ 31. Kg1 Qd1+ 32. Kg2 Qd5+ 33. Kg1 1/2-1/2

[Event "25th European Teams Women"]
[Site "Batumi GEO"]
[Date "2025.10.13"]
[Round "8.4"]
[Board "2"]
[White "Caglar, Sila"]
[Black "Mkrtchyan, Mariam"]
[Result "0-1"]
[WhiteTitle "WIM"]
[BlackTitle "WIM"]
[WhiteElo "2304"]
[BlackElo "2318"]
[WhiteTeam "Turkiye"]
[BlackTeam "Armenia"]
[WhiteFideId "6364063"]
[BlackFideId "13310828"]
[EventDate "2025.10.05"]

1. e4 e5 2. Nf3 Nc6 3. Bc4 Nf6 4. d3 Be7 5. a4 O-O 6. Nc3 d6 7. h3 Be6 8. Bg5
Nxe4 9. Nxe4 d5 10. Bxd5 Bxd5 11. Bxe7 Qxe7 12. O-O f5 13. Nc3 Bf7 14. Nd2 Rad8
15. Re1 Qc5 16. Qe2 Nd4 17. Qxe5 Qxe5 18. Rxe5 Nxc2 19. Rc1 Nb4 20. Rxf5 Nxd3
21. Rb1 Rfe8 22. Nf3 c6 23. b4 h6 24. Ra5 Ra8 25. Rd1 b6 26. Rxa7 Rxa7 27. Rxd3
Bb3 28. b5 Bxa4 29. Rd6 Bxb5 30. Nd4 Rb7 31. f4 Re3 32. Ncxb5 cxb5 33. Nxb5 Rb3
34. Rd5 Re7 35. Kf2 Re4 36. f5 Rc4 37. Nd6 Rc2+ 38. Kg1 Rbb2 39. Ne4 Rxg2+ 40.
Kf1 Rgc2 41. Rd1 Kf8 42. Re1 Rh2 43. Kg1 Rhe2 0-1

[Event "25th European Teams Women"]
[Site "Batumi GEO"]
[Date "2025.10.13"]
[Round "8.4"]
[Board "3"]
[White "Danielian, Elina"]
[Black "Aydin, Gulenay"]
[Result "1/2-1/2"]
[WhiteTitle "GM"]
[BlackTitle "WIM"]
[WhiteElo "2410"]
[BlackElo "2237"]
[WhiteTeam "Armenia"]
[BlackTeam "Turkiye"]
[WhiteFideId "13300210"]
[BlackFideId "34557431"]
[EventDate "2025.10.05"]

1. d4 d5 2. c4 e6 3. Nf3 Nf6 4. g3 Be7 5. Bg2 O-O 6. O-O c6 7. Qc2 b6 8. Nbd2
Bb7 9. e4 Na6 10. e5 Nd7 11. Rd1 Nb4 12. Qb1 dxc4 13. Nxc4 Nd5 14. h4 h6 15. Qe4
b5 16. Ncd2 c5 17. Qg4 cxd4 18. Ne4 f5 19. exf6 N5xf6 20. Qxe6+ Kh8 21. Nxf6
Bxf6 22. Bf4 Nc5 23. Qf5 Qc8 24. Qh5 Ne6 25. Bd6 Rd8 26. Bb4 a5 27. Bd2 Qc5 28.
Qg6 Nf8 29. Qg4 Bc8 30. Qe4 Bf5 31. Qe1 Re8 32. Qf1 Be4 33. Ne1 Ng6 34. Nd3 Qf5
35. Bxe4 Rxe4 36. Qg2 Nxh4 37. Qh1 Nf3+ 38. Kf1 Rae8 39. Bf4 Qg4 40. Rac1 Kg8
41. Kg2 Bg5 42. Qh3 Nh4+ 43. Kh2 Nf3+ 44. Kg2 Nh4+ 45. Kh2 Qf3 46. Bxg5 hxg5 47.
Kg1 Qh5 48. Kf1 Qe2+ 49. Kg1 Nf3+ 50. Kg2 Nh4+ 51. Kg1 Qh5 52. Kf1 Qf3 53. Kg1
Rg4 54. Re1 Rxe1+ 55. Nxe1 Qe4 56. Qh1 Ng6 57. Qxe4 Rxe4 58. Kf1 Re5 59. Nd3 Rd5 1/2-1/2

[Event "25th European Teams Women"]
[Site "Batumi GEO"]
[Date "2025.10.13"]
[Round "8.4"]
[Board "4"]
[White "Tirpan, Ceren"]
[Black "Gaboyan, Susanna"]
[Result "0-1"]
[WhiteTitle "WFM"]
[BlackTitle "WIM"]
[WhiteElo "2195"]
[BlackElo "2165"]
[WhiteTeam "Turkiye"]
[BlackTeam "Armenia"]
[WhiteFideId "26385309"]
[BlackFideId "13303627"]
[EventDate "2025.10.05"]

1. c4 Nf6 2. Nc3 g6 3. g3 Bg7 4. Bg2 O-O 5. d3 d6 6. e4 c5 7. Nge2 Nc6 8. O-O
Rb8 9. h3 a6 10. a4 Ne8 11. Be3 Nd4 12. Rb1 Bd7 13. b4 b6 14. f4 e6 15. Bf2 Nc7
16. Nxd4 cxd4 17. Ne2 e5 18. fxe5 dxe5 19. Qc2 Ne6 20. Be1 h5 21. Kh2 Ng5 22.
Ng1 Qe7 23. Qe2 Qe6 24. Bd2 Bf6 25. Qf2 Be7 26. h4 Nh7 27. Bh3 Qd6 28. Bh6 Bxh3
29. Nxh3 Nf6 30. Qd2 Rfc8 31. Nf2 Qd7 32. Bg5 Nh7 33. Bxe7 Qxe7 34. Kg2 Nf6 35.
Qg5 Kg7 36. Rb2 Qe6 37. b5 a5 38. Re2 Rb7 39. Qd2 Re7 40. Ree1 Qd6 41. Rg1 Re6
42. Kh1 Nd7 43. Ref1 Rf6 44. Qg5 Qa3 45. g4 hxg4 46. Qxg4 Qe7 47. Qg5 Rh8 48.
Ng4 Re6 49. Qxe7 Rxe7 50. Kg2 Rxh4 51. Kg3 Rh5 52. Rf3 f5 53. Nf2 f4+ 54. Kg2
Rg5+ 55. Kf1 Rxg1+ 56. Kxg1 Nc5 57. Kg2 Nxa4 58. Kh3 Kf6 59. Kg4 Rh7 60. Nh3 g5 0-1

[Event "25th European Teams Women"]
[Site "Batumi GEO"]
[Date "2025.10.13"]
[Round "8.5"]
[Board "1"]
[White "Fataliyeva, Ulviyya"]
[Black "Bulmaga, Irina"]
[Result "1/2-1/2"]
[WhiteTitle "IM"]
[BlackTitle "IM"]
[WhiteElo "2410"]
[BlackElo "2396"]
[WhiteTeam "Azerbaijan"]
[BlackTeam "Romania"]
[WhiteFideId "13403052"]
[BlackFideId "13903063"]
[EventDate "2025.10.05"]

1. e4 e5 2. Nf3 Nc6 3. d4 exd4 4. Nxd4 Nf6 5. Nxc6 bxc6 6. Bd3 d5 7. exd5 cxd5
8. O-O Be7 9. c4 d4 10. Nd2 O-O 11. Ne4 Nxe4 12. Bxe4 Rb8 13. b3 Bb7 14. Bxb7
Rxb7 15. Qf3 Rb6 16. Bd2 Bb4 17. Bxb4 Rxb4 18. Rfe1 Qd6 19. Qf5 Rbb8 20. Re5
Rbd8 21. h4 h6 22. Rd1 c6 23. c5 Qc7 24. Qe4 d3 25. Re7 Qa5 26. Rxd3 Rxd3 27.
Qxd3 Qxc5 28. Qe3 Qb4 29. g3 a5 30. Re4 Qd6 31. Rd4 Qc5 32. Qe4 Rc8 33. Rc4 Qb5
34. Qe7 Qf5 35. Kg2 Qd5+ 36. Kh2 c5 37. Qa7 Rc6 38. Qa8+ Kh7 39. Qxa5 Rf6 40.
Rc2 g5 41. Qd2 Qf5 42. hxg5 hxg5 43. Kg1 Rh6 44. Rc3 Qb1+ 45. Qc1 Qe4 46. f3 Qe5
47. Rc2 Qxg3+ 48. Rg2 Qxf3 49. Qc2+ Kh8 50. Qb2+ f6 51. Qd2 Qe4 52. Qe2 Rh4 53.
Qxe4 Rxe4 54. Rc2 Re5 55. a4 Kg7 56. Kf2 Kf7 57. a5 c4 58. b4 Rb5 59. Rxc4 Ke7
60. Rd4 f5 61. a6 Rb6 62. Rd5 Rxa6 63. Rxf5 Ra4 64. Rxg5 Rxb4 1/2-1/2

[Event "25th European Teams Women"]
[Site "Batumi GEO"]
[Date "2025.10.13"]
[Round "8.5"]
[Board "2"]
[White "Sandu, Mihaela"]
[Black "Balajayeva, Khanim"]
[Result "0-1"]
[WhiteTitle "WGM"]
[BlackTitle "IM"]
[WhiteElo "2203"]
[BlackElo "2351"]
[WhiteTeam "Romania"]
[BlackTeam "Azerbaijan"]
[WhiteFideId "1204327"]
[BlackFideId "13406396"]
[EventDate "2025.10.05"]

1. e4 e5 2. Nf3 Nc6 3. Bc4 Nf6 4. d3 Bc5 5. c3 d6 6. Nbd2 O-O 7. O-O a5 8. h3
Be6 9. Bb5 Ba7 10. Re1 Ne7 11. d4 Ng6 12. Nf1 c6 13. Ba4 Nh5 14. d5 cxd5 15.
exd5 Bd7 16. Bxd7 Qxd7 17. Be3 Nhf4 18. Bxa7 Rxa7 19. Ne3 b5 20. a4 Rb8 21. b3
bxa4 22. Rxa4 Rab7 23. Rxa5 Rxb3 24. Ra8 Qb7 25. Rxb8+ Qxb8 26. Qc2 Rb2 27. Qf5
Ne7 28. Qe4 Qc8 29. Nd1 Rb7 30. c4 f5 31. Qc2 Nfxd5 32. Ne3 Nxe3 33. Rxe3 Rc7
34. Qd2 e4 35. Qxd6 Qd7 36. Qxd7 Rxd7 37. Ne5 Rc7 38. Ra3 g6 39. Ra5 Kg7 40. f4
exf3 41. gxf3 g5 42. Kf2 Ng6 43. Nxg6 hxg6 44. c5 Kf6 45. Ke3 Ke5 46. c6+ Kd6
47. f4 gxf4+ 48. Kxf4 Rxc6 49. h4 Rc4+ 50. Kg3 Rg4+ 51. Kh3 Ke6 52. Rb5 Rd4 53.
Kg3 Kf6 54. Rb6+ Kg7 55. Rb8 Rd1 56. Ra8 Rd3+ 57. Kg2 Re3 58. Rb8 Kf6 59. Rb6+
Re6 60. Rb5 Rd6 61. Ra5 Rd2+ 62. Kg3 Rd3+ 63. Kg2 Re3 64. Ra6+ Re6 65. Ra5 Re2+
66. Kg3 Re3+ 67. Kg2 f4 68. Ra8 Kf5 69. Rg8 Rb3 70. Rg7 Rb2+ 71. Kf3 Rb3+ 72.
Kg2 Rg3+ 73. Kh2 Ke4 74. Rf7 Ke3 75. Rf6 Rg4 76. Kh3 Rg3+ 77. Kh2 g5 78. hxg5
Rxg5 79. Ra6 Rd5 80. Kg2 Rd2+ 81. Kf1 Rd1+ 82. Kg2 f3+ 83. Kh2 f2 84. Re6+ Kd3
85. Rd6+ Kc2 0-1

[Event "25th European Teams Women"]
[Site "Batumi GEO"]
[Date "2025.10.13"]
[Round "8.5"]
[Board "3"]
[White "Mammadova, Gulnar"]
[Black "Lehaci, Miruna-Daria"]
[Result "1-0"]
[WhiteTitle "IM"]
[BlackTitle "WIM"]
[WhiteElo "2323"]
[BlackElo "2212"]
[WhiteTeam "Azerbaijan"]
[BlackTeam "Romania"]
[WhiteFideId "13403508"]
[BlackFideId "1234765"]
[EventDate "2025.10.05"]

1. e4 c5 2. Nf3 d6 3. d4 cxd4 4. Qxd4 Nc6 5. Bb5 Bd7 6. Bxc6 Bxc6 7. Nc3 Nf6 8.
Bg5 e6 9. O-O-O Be7 10. Rhe1 O-O 11. e5 dxe5 12. Nxe5 Qxd4 13. Rxd4 Rfc8 14.
Nxc6 Rxc6 15. Ne4 e5 16. Rdd1 Rac8 17. Nc3 Bd6 18. Bxf6 gxf6 19. Re2 f5 20. Nb5
Bb8 21. Rd7 a6 22. Nc3 R6c7 23. Rd1 Kg7 24. a4 Rc4 25. Rd7 R8c7 26. Rd8 Rc8 27.
Rd7 R8c7 28. Rxc7 Bxc7 29. Nd5 Bb8 30. b3 Rc6 31. Ne7 Rf6 32. f3 e4 33. fxe4
fxe4 34. Rxe4 Rf1+ 35. Kd2 Bxh2 36. Ke2 Rc1 37. Nf5+ Kf6 38. Ne3 Bg1 39. Nd5+
Kf5 40. Rc4 Bh2 41. Ne3+ Ke6 42. Kd2 Rg1 43. Rb4 f5 44. Rh4 Be5 45. Rh6+ Bf6 46.
Ke2 Ke5 47. Rxh7 Ke4 48. Rxb7 Bg5 49. Rb4+ Ke5 50. Rc4 Be7 51. Kf2 Rc1 52. Kf3
Re1 53. Rf4 Ke6 54. Nxf5 Rc1 55. Nxe7 Kxe7 56. Rc4 a5 57. g4 1-0

[Event "25th European Teams Women"]
[Site "Batumi GEO"]
[Date "2025.10.13"]
[Round "8.5"]
[Board "4"]
[White "Sgircea, Silvia-Raluca"]
[Black "Allahverdiyeva, Ayan"]
[Result "1-0"]
[WhiteTitle "WIM"]
[BlackTitle "WIM"]
[WhiteElo "2219"]
[BlackElo "2220"]
[WhiteTeam "Romania"]
[BlackTeam "Azerbaijan"]
[WhiteFideId "1213776"]
[BlackFideId "13412590"]
[EventDate "2025.10.05"]

1. d4 Nf6 2. Nf3 d5 3. c4 e6 4. g3 Bb4+ 5. Bd2 Bd6 6. Bg2 O-O 7. O-O Nbd7 8. c5
Be7 9. Bg5 h6 10. Bxf6 Bxf6 11. Nbd2 e5 12. dxe5 Nxe5 13. Qc2 Qe7 14. Rac1 a5
15. Nd4 Nc4 16. N2f3 c6 17. Rfd1 Bg4 18. b3 Bxf3 19. Nxf3 Na3 20. Qd2 a4 21. e3
Nb5 22. Bf1 axb3 23. axb3 Qe4 24. Bxb5 Qxf3 25. Be2 Qe4 26. Bd3 Qe7 27. Re1 Ra3
28. Qb4 Rfa8 29. e4 dxe4 30. Bxe4 Qc7 31. Rcd1 g6 32. Kg2 Ra2 33. Qc4 Kg7 34.
Bb1 Rb2 35. Rd6 Qa5 36. Rxf6 Qxe1 1-0

[Event "25th European Teams Women"]
[Site "Batumi GEO"]
[Date "2025.10.13"]
[Round "8.6"]
[Board "1"]
[White "Stefanova, Antoaneta"]
[Black "Gaal, Zsoka"]
[Result "1-0"]
[WhiteTitle "GM"]
[BlackTitle "WGM"]
[WhiteElo "2393"]
[BlackElo "2395"]
[WhiteTeam "Bulgaria"]
[BlackTeam "Hungary"]
[WhiteFideId "2902257"]
[BlackFideId "777765"]
[EventDate "2025.10.05"]

1. Nf3 Nf6 2. g3 d5 3. Bg2 e6 4. O-O Be7 5. d3 O-O 6. a4 c5 7. e4 dxe4 8. dxe4
Nxe4 9. Qe2 Nd6 10. Rd1 f6 11. Na3 Qe8 12. Nb5 Nxb5 13. axb5 Kh8 14. Nd2 e5 15.
Ne4 Qg6 16. Nd6 Bg4 17. f3 Be6 18. Nxb7 Nd7 19. Na5 Bd8 20. Nc6 Bb6 21. c4 f5
22. f4 e4 23. b3 Nb8 24. Ne5 Qe8 25. Be3 Nd7 26. Nxd7 Bxd7 27. b4 Rc8 28. bxc5
Rxc5 29. Bxc5 Bxc5+ 30. Kh1 Be6 31. g4 h6 32. gxf5 Bxf5 33. Rd5 Qc8 34. Bxe4 Be6
35. Rh5 Rxf4 36. Bd5 Bg4 37. Rxh6+ gxh6 38. Qe5+ Kh7 39. Qxf4 1-0

[Event "25th European Teams Women"]
[Site "Batumi GEO"]
[Date "2025.10.13"]
[Round "8.6"]
[Board "2"]
[White "Nomin-Erdene, Davaademberel"]
[Black "Krasteva, Beloslava"]
[Result "0-1"]
[WhiteTitle "IM"]
[BlackTitle "FM"]
[WhiteElo "2306"]
[BlackElo "2316"]
[WhiteTeam "Hungary"]
[BlackTeam "Bulgaria"]
[WhiteFideId "4900782"]
[BlackFideId "2922029"]
[EventDate "2025.10.05"]

1. e4 Nf6 2. Nc3 d5 3. e5 d4 4. Nce2 Ng4 5. f4 Nc6 6. Nf3 d3 7. cxd3 Nh6 8. Ng3
Bg4 9. Be2 e6 10. Qa4 Bc5 11. Ne4 Bb6 12. b3 Bxf3 13. Bxf3 O-O 14. Ba3 Re8 15.
Qc4 Nd4 16. O-O-O Nxf3 17. gxf3 Nf5 18. Ng3 Nd4 19. Bb2 a5 20. Rhg1 a4 21. b4 a3
22. Bxd4 Qxd4 23. Qxd4 Bxd4 24. Nh5 Bxg1 25. Rxg1 Red8 26. Rxg7+ Kf8 27. Kc2 Ra6
28. Rxh7 Rc6+ 29. Kd1 Rb6 30. Nf6 Rxb4 31. Ne4 Ke7 32. f5 exf5 33. Ng5 Rf8 34.
h4 Rb2 35. e6 Rxa2 36. Nxf7 Kxe6 37. Ng5+ Kd5 38. Rxc7 Rb2 39. Kc1 Re8 40. Ne4
fxe4 41. dxe4+ Kd6 42. Rc3 Ra8 0-1

[Event "25th European Teams Women"]
[Site "Batumi GEO"]
[Date "2025.10.13"]
[Round "8.6"]
[Board "3"]
[White "Toncheva, Nadya"]
[Black "Papp, Petra"]
[Result "1-0"]
[WhiteTitle "FM"]
[BlackTitle "WGM"]
[WhiteElo "2332"]
[BlackElo "2267"]
[WhiteTeam "Bulgaria"]
[BlackTeam "Hungary"]
[WhiteFideId "2924056"]
[BlackFideId "739049"]
[EventDate "2025.10.05"]

1. d4 Nf6 2. c4 g6 3. Nc3 d5 4. Nf3 Bg7 5. Qb3 dxc4 6. Qxc4 Be6 7. Qb5+ Bd7 8.
Qb3 c5 9. d5 b5 10. Nxb5 O-O 11. e3 Na6 12. Nc3 Rb8 13. Qd1 Qa5 14. Nd2 e6 15.
Nc4 Qb4 16. a3 Qb7 17. d6 Nd5 18. Bd2 f5 19. Qc2 Rbc8 20. f3 Nb8 21. Bd3 Nc6 22.
O-O Ne5 23. Rad1 Rb8 24. Nxd5 Qxd5 25. Bc1 Nxd3 26. Rxd3 Qb7 27. b3 Rfe8 28. Re1
Qb5 29. a4 Qb7 30. Bd2 h6 31. Ba5 e5 32. e4 fxe4 33. fxe4 Rf8 34. Bc7 Rbe8 35.
Na5 Qa8 36. Qxc5 Rf7 37. Qd5 Qc8 38. Qb7 h5 39. Qxc8 Rxc8 40. Rf3 Bh6 41. Ref1
Rf4 42. Rxf4 exf4 43. Nb7 g5 44. Nc5 Bc6 45. Rd1 Bf8 46. b4 a5 47. Bxa5 Ra8 48.
e5 g4 49. e6 f3 50. gxf3 Bxf3 51. Rd3 Be2 52. Rd2 Bc4 53. d7 1-0